000 00670nam a22001937a 4500
005 20230523073418.0
008 221125b |||||||| |||| 00| 0 eng d
020 _a971-08-0598-3
082 _a001.3 D287 1970
100 _aBogart, Doris Van D.
_eauthor
245 _aIntroduction to humanities:
_bPainting, sculpture, architecture, music and literature /
_cDoris Van De Bogart
260 _aNew York:
_bBarnes & Noble,
_cc1970.
300 _axviii, 422p.;
_bill.
504 _aIncludes bibliographies and index
505 _aOriginally Published: Barnes and Noble, 1968
541 _e1198 c.1, 1199 c.2, 5358 c.3, 5359 c.4
650 _aHumanities
650 _aArts
999 _c275
_d275